000 00638nam a2200217 a 4500
008 951027s1990||||[C 0 slo c
020 _a8022202142
_c29 Kčs.
_q(90000 výtl.)
040 _aSNK
_bslo
_cSNK
_eAACR2
041 1 _aslo
_hcze
044 _axo
_cSK
080 _a885.0-3
100 1 _aFrýbort, Pavel
_4aut
245 1 0 _aVekslák
_cPavel Frýbort ; Božena Trilecová, Dušan Junek
250 _a1., vyd.
260 _aBratislava
_bTatran
_c1990
_eBratislava
_fSvornosť
300 _a279 s., 15,24 AH
_c20 cm
490 0 _aZenit
_vZv. 67.
700 1 _aTrilecová, Božena
_4trl
700 1 _aJunek, Dušan
_4bkd
958 _aA
999 _c10604
_d10604